000 01154nam a2200229 i 4500
001 156593
003 ES-MaACL
005 20250704063120.0
008 040802s1878 gw ab |||| | fre d
040 _aCAM
_bspa
_cCAM
100 1 _aKiepert, Heinrich,
_d1818-1899
_9128452
245 1 0 _aAtlas antiquus
_b: douze cartes pour servir á l'étude de l'histoire ancienne /
_cpar Henri Kiepert.
250 _a5éme éd- rev. et augm.
260 _aBerlin :
_bDietrich Reimer,
_c[s.a.]
300 _a[1] h., [12] h. de maps. ;
_c35 cm.
505 8 _aContiene : Orbis terrarum antiquis notus ; Imperia Persarum et Macedonum ; Aegyptus, Phoenice et Palaestina ; Asia citerior ; Graecia cum insulis et oris maris Aegaei ; Graecia ampliore modulo descripta ; Italia ; Italia pars media et inferior cum Sicilia ; Roma urbs ; Hispania, Mauretania et Africa ; Gallia, Britannia, Germania ; Imperium Romanum
596 _aEl ed. ejerce ca. 1878.
599 _aLos maps. cromolit.: "J. Sulzer lit."
650 0 4 _aHistoria antigua-
_vAtlas.
_913386
852 _aES-MaACL
_jB-2081
_z-- Enc. hol., deteriorada en las puntas
999 _c156593
_d156593